000 00622nam a22002177a 4500
003 UA-OsUOA
001 68735
007 ta
008 20100514b un ||||| |||| 00| 0 ukr d
100 _aСтефанюк І.
090 _a330(477)
_bС79
942 _cSA
040 _aUA-OsUOA
_bukr
_cUA-OsUOA
_dUA-OsUOA
245 _aМетод і форма державного фінансового контролю
300 _aС.24-29
955 _a0
041 _aukr
080 _a330(477)
773 0 _w68733
_tФінансовий контроль
_dК.
_d2010
_g3
650 7 _a330 Економіка взагалі
_2UDC
999 _c354993
_d354993